Tilastot visalle 15 maata joissa on eniten Covid-19-tapauksia 2. joulukuuta

Klikkaa tästä pelataksesi tätä visaa!

Yleistilastot

  • Tätä visaa on pelattu 29 kertaa
  • Keskiarvotulos 11 / 27

Vastaustilastot

maa% Oikein
Yhdysvallat
96%
Italia
87%
Venäjä
87%
Brasilia
83%
Espanja
83%
Intia
83%
Ranska
83%
Meksiko
78%
Saksa
74%
Yhdistynyt
kuningaskunta
74%
Puola
61%
Argentiina
39%
Iran
30%
Kolumbia
26%
Belgia
22%
Peru
22%
Tšekki
22%
Israel
9%
Slovenia
9%
Sveitsi
9%
Kroatia
4%
Panama
4%
Qatar
4%
Armenia
0%
Bahrain
0%
Georgia
0%
Kuwait
0%

Tulosjakauma

Persentiili vastausten määrän mukaan

Jokaisen tuloksen saaneiden osuus

Tuloshistoriasi

Et ole pelannut tätä visaa